[Event "Titled Tuesday intern op 20th May Late"]
[Site "Chess.com INT"]
[Date "2025.05.20"]
[Round "2"]
[White "Goltsev, Dmitry"]
[Black "Shoboev, Dandar"]
[Result "1-0"]
[WhiteElo "2183"]
[BlackElo "2252"]
[PlyCount "57"]
[EventDate "2025.05.20"]
[EventType "swiss (blitz)"]
[EventRounds "11"]
[EventCountry "USA"]
[SourceTitle "CB22_2025"]
[SourceDate "2025.05.28"]
[SourceVersion "1"]
[SourceVersionDate "2025.05.28"]
[SourceQuality "1"]

1. e4 c5 2. Nf3 e6 3. d4 cxd4 4. Nxd4 Nc6 5. Nc3 d6 6. Be2 Nge7 7. 0-0 Nxd4 8. Qxd4 Nc6 9. Qd1 a6 10. Be3 Be7 11. a3 b5 12. f4 Bb7 13. Bf3 Rc8 14. Qd2 0-0 15. Rad1 Na5 16. b3 Qc7 17. Ne2 Nc6 18. Ng3 Rfe8 19. Nh5 Bf8 20. Qf2 Qe7 21. Bc1 g6 22. Qg3 e5 23. f5 Nd4 24. Bg5 Qc7 25. Nf6+ Kh8 26. Rxd4 exd4 27. Qh4 h5 28. Bxh5 Kg7 29. Bxg6 1-0

[Event "Titled Tuesday intern op 06th May Early"]
[Site "Chess.com INT"]
[Date "2025.05.06"]
[Round "8"]
[White "Aslanov, Umid Fuad"]
[Black "Goltsev, Dmitry"]
[Result "1-0"]
[WhiteElo "2324"]
[BlackElo "2183"]
[PlyCount "99"]
[EventDate "2025.05.06"]
[EventType "swiss (blitz)"]
[EventRounds "11"]
[EventCountry "USA"]
[SourceTitle "CB20_2025"]
[SourceDate "2025.05.14"]
[SourceVersion "1"]
[SourceVersionDate "2025.05.14"]
[SourceQuality "1"]

1. e4 e6 2. d4 d5 3. Nd2 c5 4. exd5 exd5 5. Ngf3 Nf6 6. Bb5+ Nc6 7. 0-0 Be7 8. dxc5 Bxc5 9. Nb3 Bb6 10. c3 0-0 11. Re1 Bg4 12. Bxc6 bxc6 13. Be3 Bc7 14. h3 Bh5 15. Bc5 Re8 16. Rxe8+ Qxe8 17. Qd3 Ne4 18. Re1 Qe6 19. Bd4 Bd6 20. Ng5 Nxg5 21. Rxe6 Nxe6 22. Qa6 Nd8 23. Bc5 Bc7 24. Nd4 h6 25. Nxc6 Ne6 26. Be3 Kh7 27. Nd4 Nxd4 28. cxd4 Bb6 29. Qb7 Rd8 30. f4 Bg6 31. g4 Be4 32. Qxf7 Rc8 33. f5 Rc7 34. Qg6+ Kh8 35. Qe8+ Kh7 36. b4 Rc2 37. f6 gxf6 38. Qf7+ Kh8 39. Qxf6+ Kg8 40. Qe6+ Kh8 41. Qxh6+ Kg8 42. Qg5+ Kf7 43. Qf4+ Ke6 44. Qe5+ Kd7 45. b5 Re2 46. Bf4 Re1+ 47. Kf2 Rd1 48. Qd6+ Kc8 49. Qc6+ Kd8 50. Bg5# 1-0

[Event "Titled Tuesday intern op 06th May Early"]
[Site "Chess.com INT"]
[Date "2025.05.06"]
[Round "5"]
[White "Goltsev, Dmitry"]
[Black "Sevian, Samuel"]
[Result "1/2-1/2"]
[WhiteElo "2183"]
[BlackElo "2694"]
[PlyCount "55"]
[EventDate "2025.05.06"]
[EventType "swiss (blitz)"]
[EventRounds "11"]
[EventCountry "USA"]
[SourceTitle "CB20_2025"]
[SourceDate "2025.05.14"]
[SourceVersion "1"]
[SourceVersionDate "2025.05.14"]
[SourceQuality "1"]

1. e4 c5 2. Nf3 e6 3. d4 cxd4 4. Nxd4 Nc6 5. Nc3 a6 6. Be2 Bc5 7. Nb3 Ba7 8. 0-0 Nge7 9. Bf4 0-0 10. Qd2 f5 11. exf5 Nxf5 12. Rad1 d5 13. Rfe1 e5 14. Bg5 Bxf2+ 15. Kxf2 Ne3+ 16. Bf3 Nxd1+ 17. Rxd1 Qb6+ 18. Kg3 d4 19. Nd5 Qa7 20. Qd3 Bf5 21. Be4 Bxe4 22. Qxe4 Qb8 23. Nc5 Qd6 24. Nxb7 Qd7 25. Nc5 Qd6 26. Nb7 Qd7 27. Nc5 Qd6 28. Nb7 1/2-1/2

[Event "Titled Tuesday intern op 06th May Early"]
[Site "Chess.com INT"]
[Date "2025.05.06"]
[Round "9"]
[White "Goltsev, Dmitry"]
[Black "Tretiakov, Aleander"]
[Result "1/2-1/2"]
[WhiteElo "2183"]
[BlackElo "2023"]
[PlyCount "248"]
[EventDate "2025.05.06"]
[EventType "swiss (blitz)"]
[EventRounds "11"]
[EventCountry "USA"]
[SourceTitle "CB20_2025"]
[SourceDate "2025.05.14"]
[SourceVersion "1"]
[SourceVersionDate "2025.05.14"]
[SourceQuality "1"]

1. e4 c5 2. Nf3 e6 3. d4 cxd4 4. Nxd4 Nc6 5. Nc3 a6 6. Be2 d5 7. exd5 exd5 8. 0-0 Nf6 9. Bf3 Be7 10. Bg5 0-0 11. Re1 Rb8 12. a3 h6 13. Bh4 g5 14. Bg3 Bd6 15. Bxd6 Qxd6 16. Qd2 g4 17. Be2 Kg7 18. Rad1 Bd7 19. Qd3 Rfe8 20. Bf1 Ne5 21. Nf5+ Bxf5 22. Qxf5 Qe6 23. Qf4 Rbd8 24. Ne2 Ne4 25. Nd4 Qf6 26. Qe3 Nc4 27. Bxc4 dxc4 28. c3 h5 29. f3 Nxc3 30. Qxc3 Rxe1+ 31. Qxe1 Rxd4 32. fxg4 hxg4 33. Rc1 Qb6 34. Qc3 f6 35. Kh1 Rf4 36. Rd1 Qf2 37. Qc1 b5 38. Rd7+ Kg6 39. Qb1+ f5 40. Rd1 g3 41. h3 Rh4 42. Rd6+ Kf7 43. Qg1 Re4 44. Rd1 Re2 45. Rb1 Qxg1+ 46. Kxg1 Ke6 47. Kf1 Rf2+ 48. Kg1 Kd5 49. h4 Rf4 50. Rf1 Rxh4 51. Rxf5+ Kd4 52. Rf3 Rg4 53. Kf1 a5 54. Ke2 b4 55. axb4 axb4 56. Kd2 Ke4 57. Ke2 Rg6 58. Re3+ Kd4 59. Rf3 Ke4 60. Re3+ Kd4 61. Rf3 Rg5 62. Rf4+ Kd5 63. Rf3 Re5+ 64. Kd2 Rg5 65. Ke2 Kc5 66. Kd2 Rg4 67. Kc2 Kd4 68. Kd2 Ke4 69. Re3+ Kf5 70. Rf3+ Rf4 71. Rxg3 Rf2+ 72. Kc1 Ke5 73. Rg4 Kd5 74. Rg5+ Ke4 75. Rg4+ Kd3 76. Rg3+ Kd4 77. Rg4+ Kc5 78. Rg5+ Kb6 79. g4 Rg2 80. Rg6+ Kb5 81. b3 cxb3 82. Rf6 Rxg4 83. Kb2 Kc4 84. Rc6+ Kb5 85. Rc8 Rg3 86. Rb8+ Kc4 87. Rc8+ Kd4 88. Rb8 Rg2+ 89. Kxb3 Rg1 90. Rxb4+ Kd3 91. Rh4 Rb1+ 92. Ka2 Rb7 93. Rg4 Kc3 94. Rg3+ Kc2 95. Ka3 Ra7+ 96. Kb4 Rb7+ 97. Kc4 Rc7+ 98. Kd5 Rd7+ 99. Kc6 Rd3 100. Rg2+ Kc3 101. Rg8 Kc2 102. Kc5 Rc3+ 103. Kd4 Rd3+ 104. Ke4 Rd2 105. Ra8 Kb2 106. Rc8 Rc2 107. Rb8+ Kc1 108. Ke3 Rb2 109. Rc8+ Rc2 110. Ra8 Kb2 111. Kd3 Rc3+ 112. Kd4 Rc7 113. Rb8+ Kc2 114. Rd8 Kd2 115. Kd5 Kd3 116. Kd6 Rc4 117. Ke5+ Ke3 118. Rh8 Rc5+ 119. Kd6 Rg5 120. Ke6 Ke4 121. Rh4+ Ke3 122. Ra4 Rb5 123. Kd6 Kd3 124. Rh4 Rg5 1/2-1/2

[Event "Titled Tuesday intern op 06th May Early"]
[Site "Chess.com INT"]
[Date "2025.05.06"]
[Round "1"]
[White "Sarveshwaran, V."]
[Black "Goltsev, Dmitry"]
[Result "0-1"]
[WhiteElo "2290"]
[BlackElo "2183"]
[PlyCount "64"]
[EventDate "2025.05.06"]
[EventType "swiss (blitz)"]
[EventRounds "11"]
[EventCountry "USA"]
[SourceTitle "CB20_2025"]
[SourceDate "2025.05.14"]
[SourceVersion "1"]
[SourceVersionDate "2025.05.14"]
[SourceQuality "1"]

1. e4 e6 2. d4 d5 3. exd5 exd5 4. Nf3 Nf6 5. h3 c5 6. Bb5+ Nc6 7. 0-0 Be7 8. dxc5 Bxc5 9. Re1+ Be6 10. Be3 Bxe3 11. Rxe3 0-0 12. Bxc6 bxc6 13. Nd4 Bd7 14. b4 a5 15. c3 Ne4 16. f3 Qg5 17. Qe1 Bxh3 18. Qe2 Bxg2 19. f4 Qxf4 20. Kxg2 axb4 21. Nd2 Nxc3 22. Qd3 Rfe8 23. Rf3 Qe5 24. Rg3 c5 25. Nf5 Qe2+ 26. Qxe2 Rxe2+ 27. Kh3 g6 28. Nb3 Ne4 29. Rgg1 Raxa2 30. Ne7+ Kg7 31. Nxd5 Rh2+ 32. Kg4 Raf2 0-1

[Event "Titled Tuesday intern op 01st Apr Early"]
[Site "Chess.com INT"]
[Date "2025.04.01"]
[Round "7"]
[White "Bjerre, Jonas Buhl"]
[Black "Goltsev, Dmitry"]
[Result "0-1"]
[WhiteElo "2637"]
[BlackElo "2226"]
[PlyCount "106"]
[EventDate "2025.04.01"]
[EventType "swiss (blitz)"]
[EventRounds "11"]
[EventCountry "USA"]
[SourceTitle "CB15_2025"]
[SourceDate "2025.04.09"]
[SourceVersion "1"]
[SourceVersionDate "2025.04.09"]
[SourceQuality "1"]

1. e4 e6 2. d4 d5 3. Nd2 c5 4. Ngf3 Nf6 5. exd5 exd5 6. Bb5+ Nc6 7. 0-0 Be7 8. dxc5 Bxc5 9. Re1+ Be6 10. Nb3 Bb6 11. Be3 0-0 12. h3 Ne4 13. c3 Re8 14. Nbd4 Bd7 15. Bd3 h6 16. Qb3 Nc5 17. Qc2 Nxd3 18. Qxd3 Ne5 19. Nxe5 Rxe5 20. Nf3 Bf5 21. Qd2 Bxe3 22. Rxe3 Rxe3 23. Qxe3 Qf6 24. Nd4 Bg6 25. Re1 a6 26. f3 Qb6 27. Nb3 Qb5 28. Qc5 Qa4 29. Qa5 Qh4 30. Re2 Qg5 31. Qb6 Bd3 32. Re1 Qg3 33. Qf2 Qg6 34. Nd4 Rc8 35. Re7 b6 36. Qe3 Bc4 37. Qf4 Bxa2 38. Kh2 Rd8 39. Rc7 Qd6 40. Qxd6 Rxd6 41. b3 g6 42. Kg3 Kg7 43. Kf4 Kf6 44. h4 g5+ 45. hxg5+ hxg5+ 46. Ke3 Bb1 47. Ra7 b5 48. b4 Bg6 49. Nb3 Ke5 50. Nc5 d4+ 51. cxd4+ Rxd4 52. Nd7+ Kd5 53. Nf6+ Ke5 0-1

[Event "Titled Tuesday intern op 01st Apr Early"]
[Site "Chess.com INT"]
[Date "2025.04.01"]
[Round "10"]
[White "Deac, Bogdan Daniel"]
[Black "Goltsev, Dmitry"]
[Result "1/2-1/2"]
[WhiteElo "2692"]
[BlackElo "2226"]
[PlyCount "166"]
[EventDate "2025.04.01"]
[EventType "swiss (blitz)"]
[EventRounds "11"]
[EventCountry "USA"]
[SourceTitle "CB15_2025"]
[SourceDate "2025.04.09"]
[SourceVersion "1"]
[SourceVersionDate "2025.04.09"]
[SourceQuality "1"]

1. d4 e6 2. Nf3 d5 3. c4 Nf6 4. g3 c5 5. Bg2 dxc4 6. 0-0 Nc6 7. dxc5 Qxd1 8. Rxd1 Bxc5 9. Nbd2 Ke7 10. Nxc4 Bd7 11. a3 a5 12. Bf4 Nd5 13. Rac1 Nxf4 14. gxf4 f6 15. Nfd2 Nd4 16. Re1 Bc6 17. e3 Nf5 18. Bxc6 bxc6 19. Nb3 Bd6 20. Ncxa5 c5 21. Red1 Rhc8 22. Nc4 Rab8 23. Nbd2 Bc7 24. Ne4 Bd8 25. Rd3 Rc6 26. Rcd1 Ke8 27. Ned6+ Nxd6 28. Nxd6+ Kf8 29. Nc4 Be7 30. Rd7 Rcc8 31. Ra7 Rd8 32. Rc1 Rd3 33. Kf1 Rdb3 34. Ke2 h5 35. Rd7 h4 36. Rd3 R3b7 37. Rc2 Kg8 38. Rd1 f5 39. Rb1 Bf6 40. Kf3 Rb3 41. Kg2 Kh7 42. Kf3 Kh6 43. Kg2 Kh5 44. h3 g5 45. fxg5 Kxg5 46. Rd2 e5 47. Rd5 e4 48. Rxc5 Bxb2 49. Nd6 Bxa3 50. Rxf5+ Kg6 51. Rxb3 Rxb3 52. Rd5 Bxd6 53. Rxd6+ Kf5 54. Rh6 Kg5 55. Rh8 Rb4 56. Rg8+ Kh5 57. Rg4 Ra4 58. Kf1 Rb4 59. Rf4 Kg5 60. Ke2 Ra4 61. Kd2 Rc4 62. Ke1 Ra4 63. Kd1 Rb4 64. Kc2 Kh5 65. Kc3 Ra4 66. Kb3 Ra1 67. Rxe4 Rh1 68. Rf4 Rxh3 69. Kc3 Rh1 70. Rf8 Kg4 71. Kd2 h3 72. Ke2 Ra1 73. Rg8+ Kf5 74. Rh8 Kg4 75. Rg8+ Kf5 76. Rf8+ Kg4 77. f3+ Kh4 78. Rg8 h2 79. Rh8+ Kg3 80. Rg8+ Kh3 81. Rh8+ Kg3 82. Rg8+ Kh3 83. Rh8+ Kg3 1/2-1/2

[Event "Titled Tuesday intern op 01st Apr Late"]
[Site "Chess.com INT"]
[Date "2025.04.01"]
[Round "6"]
[White "Goltsev, Dmitry"]
[Black "Belov, Alexei"]
[Result "1-0"]
[WhiteElo "2226"]
[BlackElo "2421"]
[PlyCount "49"]
[EventDate "2025.04.01"]
[EventType "swiss (blitz)"]
[EventRounds "11"]
[EventCountry "USA"]
[SourceTitle "CB21_2025"]
[SourceDate "2025.05.21"]
[SourceVersion "1"]
[SourceVersionDate "2025.05.21"]
[SourceQuality "1"]

1. e4 e6 2. d4 d5 3. exd5 exd5 4. Nf3 Nf6 5. c4 Be7 6. Nc3 0-0 7. Bd3 dxc4 8. Bxc4 Nbd7 9. 0-0 Nb6 10. Bb3 c6 11. Bg5 Nbd5 12. Qd3 Be6 13. Rfe1 Re8 14. a3 Qb6 15. Bc2 g6 16. Rab1 Bf5 17. Qd2 Bxc2 18. Qxc2 Bf8 19. Rbd1 Rxe1+ 20. Rxe1 Nxc3 21. bxc3 Nd7 22. Qa2 Qa5 23. Qb3 b5 24. Be7 Re8 25. Ng5 1-0

[Event "Titled Tuesday intern op 01st Apr Late"]
[Site "Chess.com INT"]
[Date "2025.04.01"]
[Round "11"]
[White "Goltsev, Dmitry"]
[Black "Gustafsson, Jan"]
[Result "0-1"]
[WhiteElo "2226"]
[BlackElo "2601"]
[PlyCount "148"]
[EventDate "2025.04.01"]
[EventType "swiss (blitz)"]
[EventRounds "11"]
[EventCountry "USA"]
[SourceTitle "CB15_2025"]
[SourceDate "2025.04.09"]
[SourceVersion "1"]
[SourceVersionDate "2025.04.09"]
[SourceQuality "1"]

1. e4 e5 2. Nf3 Nc6 3. Bb5 a6 4. Ba4 Nf6 5. 0-0 Be7 6. Re1 b5 7. Bb3 0-0 8. c3 d5 9. d4 dxe4 10. Nxe5 Nxe5 11. dxe5 Qxd1 12. Rxd1 Ng4 13. Nd2 e3 14. fxe3 Nxe3 15. Re1 Bc5 16. Ne4 Nc2+ 17. Nxc5 Nxa1 18. Bd5 Rb8 19. Bf4 Nc2 20. Rc1 Bf5 21. Bb3 Rfd8 22. Bxc2 Bxc2 23. Rxc2 Rd1+ 24. Kf2 a5 25. Rd2 Rxd2+ 26. Bxd2 Rd8 27. Ke2 Rd5 28. Nd3 c5 29. Bf4 c4 30. Nf2 b4 31. Ne4 Rd3 32. Bd2 Rd5 33. cxb4 Rxe5 34. Kf3 f5 35. Nc5 Rd5 36. Bc3 Kf7 37. a4 g5 38. Na6 axb4 39. Bxb4 Rd3+ 40. Ke2 f4 41. a5 Re3+ 42. Kf1 Rb3 43. Bc3 Ke7 44. Nc5 Rb5 45. a6 Rb8 46. Ba5 Ra8 47. Bb6 Kd6 48. Ne4+ Kc6 49. Bd4 Kd5 50. Bb6 Kxe4 51. a7 Kd3 52. Kf2 Kc2 53. Bd4 Kd3 54. Bb6 g4 55. h3 h5 56. hxg4 hxg4 57. Bc5 Ke4 58. Bb6 Kd5 59. Kf1 Kc6 60. Bd4 Rd8 61. Be5 Kb7 62. Bxf4 Kxa7 63. Kf2 Rd3 64. Be5 Kb7 65. Ke2 Kc6 66. Bf6 Kd5 67. Bc3 Ke4 68. Bg7 Re3+ 69. Kf2 g3+ 70. Kf1 Kd3 71. Bh6 Re2 72. Bg7 Rf2+ 73. Kg1 Ke2 74. Bd4 Rf1# 0-1

[Event "Titled Tuesday intern op 01st Apr Early"]
[Site "Chess.com INT"]
[Date "2025.04.01"]
[Round "9"]
[White "Goltsev, Dmitry"]
[Black "Strybuk, Artsiom I"]
[Result "1/2-1/2"]
[WhiteElo "2226"]
[BlackElo "2422"]
[PlyCount "207"]
[EventDate "2025.04.01"]
[EventType "swiss (blitz)"]
[EventRounds "11"]
[EventCountry "USA"]
[SourceTitle "CB15_2025"]
[SourceDate "2025.04.09"]
[SourceVersion "1"]
[SourceVersionDate "2025.04.09"]
[SourceQuality "1"]

1. e4 e5 2. Nf3 Nf6 3. Nxe5 d6 4. Nf3 Nxe4 5. d3 Nf6 6. d4 Be7 7. c4 d5 8. Nc3 0-0 9. Bd3 dxc4 10. Bxc4 Nc6 11. 0-0 Bg4 12. Bg5 h6 13. Be3 Bd6 14. h3 Bh5 15. Qd3 Bxf3 16. gxf3 Qd7 17. Kg2 Na5 18. Bb5 c6 19. Ba4 b5 20. Bc2 Nc4 21. b3 Na3 22. Ne4 Nxe4 23. fxe4 Nxc2 24. Qxc2 f5 25. e5 f4 26. exd6 fxe3 27. fxe3 Qxd6 28. Rxf8+ Rxf8 29. Qe4 Qf6 30. Rc1 Qf2+ 31. Kh1 Qg3 32. Qe6+ Kh8 33. Rg1 Qf3+ 34. Kh2 Qf6 35. Qxf6 Rxf6 36. Rc1 Rf3 37. Rxc6 Rxe3 38. Ra6 Rd3 39. Rxa7 Rxd4 40. Ra5 b4 41. Kg3 Kh7 42. Rb5 g5 43. Rb6 h5 44. Ra6 Kg7 45. Kf3 Rd3+ 46. Kg2 Rd2+ 47. Kg3 Rd3+ 48. Kg2 h4 49. a3 Rxb3 50. axb4 Rxb4 51. Rc6 Rb3 52. Rd6 Re3 53. Rc6 Rg3+ 54. Kh2 Kf7 55. Rd6 Ke7 56. Ra6 Kf7 57. Rd6 Re3 58. Kg2 Re4 59. Kf3 Rf4+ 60. Kg2 Ke7 61. Rg6 Rf5 62. Ra6 Kf7 63. Rb6 Re5 64. Rh6 Re6 65. Rh8 Kg6 66. Rf8 Re3 67. Rg8+ Kf6 68. Rf8+ Kg7 69. Ra8 Rg3+ 70. Kh2 Kf6 71. Ra6+ Kf5 72. Ra5+ Ke4 73. Ra4+ Ke5 74. Ra5+ Kf4 75. Ra4+ Kf5 76. Ra5+ Kg6 77. Ra6+ Kh5 78. Ra8 Rc3 79. Kg2 Rg3+ 80. Kh2 Re3 81. Kg2 Kg6 82. Rg8+ Kf5 83. Rf8+ Ke4 84. Re8+ Kd3 85. Rg8 Rg3+ 86. Kh2 Ke2 87. Ra8 Rd3 88. Ra5 Rg3 89. Ra2+ Kf3 90. Ra3+ Kf4 91. Rxg3 hxg3+ 92. Kg2 g4 93. h4 Kf5 94. Kxg3 Kg6 95. Kxg4 Kh6 96. h5 Kh7 97. Kh4 Kh6 98. Kg4 Kh7 99. Kg5 Kh8 100. h6 Kh7 101. Kh5 Kh8 102. Kg6 Kg8 103. h7+ Kh8 104. Kh6 1/2-1/2

[Event "Titled Tuesday intern op 18th Mar Late"]
[Site "Chess.com INT"]
[Date "2025.03.18"]
[Round "8"]
[White "Goltsev, Dmitry"]
[Black "Esipenko, Andrey"]
[Result "0-1"]
[WhiteElo "2226"]
[BlackElo "2691"]
[PlyCount "98"]
[EventDate "2025.03.18"]
[EventType "swiss (blitz)"]
[EventRounds "11"]
[EventCountry "USA"]
[SourceTitle "CB13_2025"]
[SourceDate "2025.03.26"]
[SourceVersion "1"]
[SourceVersionDate "2025.03.26"]
[SourceQuality "1"]

1. e4 e6 2. d4 d5 3. exd5 exd5 4. Nf3 Nc6 5. c4 Bb4+ 6. Nc3 Nge7 7. Be2 dxc4 8. Bxc4 0-0 9. 0-0 Bg4 10. a3 Ba5 11. Bg5 h6 12. Be3 Bb6 13. d5 Ne5 14. Bxb6 Bxf3 15. gxf3 axb6 16. Be2 N7g6 17. Qd4 Qf6 18. Kh1 Nf4 19. Rg1 Nxe2 20. Nxe2 Qxf3+ 21. Rg2 Rae8 22. Rag1 Ng6 23. Nc3 Re5 24. Qd1 Qf6 25. Qg4 Rfe8 26. Qd7 R8e7 27. Qg4 Re1 28. h3 Rxg1+ 29. Kxg1 Re1+ 30. Kh2 Qe5+ 31. Qg3 Nf4 32. Rg1 Rxg1 33. Kxg1 g6 34. Kh2 Kg7 35. h4 g5 36. hxg5 hxg5 37. a4 Kg6 38. Nb5 Qh8+ 39. Kg1 Ne2+ 40. Kg2 Nxg3 41. fxg3 Qxb2+ 42. Kf3 c6 43. dxc6 Qb3+ 44. Ke4 bxc6 45. Nc7 Qxa4+ 46. Ke5 Qa1+ 47. Kd6 Qd4+ 48. Ke7 Qe5+ 49. Kd7 Qxc7+ 0-1

[Event "Titled Tuesday intern op 18th Mar Late"]
[Site "Chess.com INT"]
[Date "2025.03.18"]
[Round "4"]
[White "Pajcin, Lav"]
[Black "Goltsev, Dmitry"]
[Result "0-1"]
[WhiteElo "2243"]
[BlackElo "2226"]
[PlyCount "108"]
[EventDate "2025.03.18"]
[EventType "swiss (blitz)"]
[EventRounds "11"]
[EventCountry "USA"]
[SourceTitle "CB13_2025"]
[SourceDate "2025.03.26"]
[SourceVersion "1"]
[SourceVersionDate "2025.03.26"]
[SourceQuality "1"]

1. d4 e6 2. c4 d5 3. Nf3 c5 4. cxd5 exd5 5. g3 Nf6 6. Bg2 Nc6 7. 0-0 Be7 8. dxc5 Bxc5 9. a3 a6 10. b4 Ba7 11. Bb2 0-0 12. Nbd2 Re8 13. Nb3 Ne4 14. Nbd4 Bg4 15. Rc1 Rc8 16. h3 Bh5 17. g4 Bg6 18. Nxc6 bxc6 19. Nd4 Qd6 20. Qb3 Nd2 21. Qc3 Nxf1 22. Nf5 Qh2+ 23. Kxf1 d4 24. Nxd4 Bxd4 25. Qxd4 f6 26. g5 Qe5 27. Qc4+ Bf7 28. Bxe5 Bxc4 29. Rxc4 Rxe5 30. gxf6 gxf6 31. Bxc6 Kf8 32. a4 Ke7 33. b5 axb5 34. axb5 Kd6 35. Rh4 Rc7 36. Rh6 Ke6 37. f4 Rc5 38. Kf2 Ra7 39. Kf3 Rc1 40. Rh5 Ra3+ 41. Kf2 Ra4 42. e3 Rc3 43. Rxh7 Ra2+ 44. Kf3 Raa3 45. f5+ Kxf5 46. Re7 Kg6 47. h4 f5 48. Be8+ Kf6 49. Rf7+ Ke6 50. Kf4 Rxe3 51. Kg5 Rh3 52. Kh6 Rxh4+ 53. Kg7 Rg3+ 54. Kf8 Rh8# 0-1

[Event "Titled Tuesday intern op 11th Mar Late"]
[Site "Chess.com INT"]
[Date "2025.03.11"]
[Round "2"]
[White "Goltsev, Dmitry"]
[Black "Grave, Jacob Templen"]
[Result "1-0"]
[WhiteElo "2226"]
[BlackElo "2327"]
[PlyCount "61"]
[EventDate "2025.03.11"]
[EventType "swiss (blitz)"]
[EventRounds "11"]
[EventCountry "USA"]
[SourceTitle "CB12_2025"]
[SourceDate "2025.03.19"]
[SourceVersion "1"]
[SourceVersionDate "2025.03.19"]
[SourceQuality "1"]

1. e4 c6 2. e5 d6 3. exd6 exd6 4. d4 d5 5. Nf3 Bd6 6. c4 Ne7 7. Nc3 0-0 8. Bd3 dxc4 9. Bxc4 Bg4 10. 0-0 Nd7 11. Re1 Nb6 12. Bb3 Nf5 13. Re4 Bxf3 14. Qxf3 Nxd4 15. Rxd4 Bxh2+ 16. Kxh2 Qxd4 17. Be3 Qe5+ 18. g3 Rad8 19. Kg2 Nd5 20. Nxd5 cxd5 21. Bxa7 d4 22. Qxb7 d3 23. Rd1 Qxb2 24. Bxf7+ Rxf7 25. Qxb2 Rxa7 26. Qb3+ Kf8 27. Rxd3 Rxd3 28. Qxd3 Rxa2 29. Qf5+ Ke7 30. Qe5+ Kf8 31. Qd6+ 1-0

[Event "Titled Tuesday intern op 11th Mar Late"]
[Site "Chess.com INT"]
[Date "2025.03.11"]
[Round "5"]
[White "Goltsev, Dmitry"]
[Black "Yelisieiev, Yevhenii"]
[Result "1-0"]
[WhiteElo "2226"]
[BlackElo "2421"]
[PlyCount "117"]
[EventDate "2025.03.11"]
[EventType "swiss (blitz)"]
[EventRounds "11"]
[EventCountry "USA"]
[SourceTitle "CB12_2025"]
[SourceDate "2025.03.19"]
[SourceVersion "1"]
[SourceVersionDate "2025.03.19"]
[SourceQuality "1"]

1. e4 d6 2. Nf3 Nf6 3. Nc3 e5 4. d4 Nbd7 5. Bc4 Be7 6. 0-0 0-0 7. dxe5 dxe5 8. Bg5 c6 9. a3 b5 10. Ba2 Qc7 11. Qd2 Nc5 12. Rfe1 a5 13. Nh4 Rd8 14. Qc1 b4 15. axb4 axb4 16. Bxf7+ Kxf7 17. Rxa8 bxc3 18. bxc3 Ncxe4 19. Nf3 Bg4 20. Rxd8 Bxd8 21. Bxf6 Bxf3 22. Bxe5 Qxe5 23. gxf3 Qg5+ 24. Qxg5 Nxg5 25. Kg2 Bf6 26. c4 Ne6 27. Rb1 g5 28. Rb7+ Kg6 29. Rb6 Nf4+ 30. Kf1 c5 31. Rc6 Kf5 32. Rxc5+ Be5 33. Rc6 Ne6 34. h3 h5 35. Rc8 Bd4 36. c3 Bxc3 37. c5 Ke5 38. c6 Kd6 39. Re8 Ba5 40. Rh8 h4 41. Rh5 Bd8 42. Rh6 Bc7 43. f4 gxf4 44. Kg2 Bd8 45. Kf3 Kd5 46. Kg4 Nd4 47. c7 Bxc7 48. Rxh4 Ke4 49. Rh7 Be5 50. Re7 Nc6 51. Re8 Nb4 52. f3+ Kd4 53. h4 Nd5 54. Kf5 Ne3+ 55. Kg6 Ng2 56. Kg5 Bd6 57. h5 Kd5 58. h6 Ne1 59. Rxe1 1-0

[Event "Titled Tuesday intern op 11th Mar Late"]
[Site "Chess.com INT"]
[Date "2025.03.11"]
[Round "6"]
[White "Naranjo Moreno, Antonio"]
[Black "Goltsev, Dmitry"]
[Result "0-1"]
[WhiteElo "2269"]
[BlackElo "2226"]
[PlyCount "72"]
[EventDate "2025.03.11"]
[EventType "swiss (blitz)"]
[EventRounds "11"]
[EventCountry "USA"]
[SourceTitle "CB12_2025"]
[SourceDate "2025.03.19"]
[SourceVersion "1"]
[SourceVersionDate "2025.03.19"]
[SourceQuality "1"]

1. e4 e6 2. d4 d5 3. Nc3 c5 4. exd5 exd5 5. dxc5 Nf6 6. Nf3 Bxc5 7. Bb5+ Nc6 8. 0-0 0-0 9. h3 a6 10. Bxc6 bxc6 11. Na4 Ba7 12. Be3 Bxe3 13. fxe3 Re8 14. Nd4 Rxe3 15. Nxc6 Qe8 16. Rxf6 gxf6 17. Qxd5 Bb7 18. Nb6 Bxc6 19. Qd4 Re1+ 20. Rxe1 Qxe1+ 21. Kh2 Qe5+ 22. Qxe5 fxe5 23. Nxa8 Bxa8 24. g4 Kg7 25. Kg3 Kf6 26. h4 Ke6 27. Kf2 f5 28. gxf5+ Kxf5 29. Ke3 Kg4 30. c4 Kxh4 31. b4 Kg5 32. a4 Kf6 33. b5 axb5 34. cxb5 Ke6 35. a5 Kd6 36. b6 Kc5 0-1

[Event "Titled Tuesday intern op 04th Mar Early"]
[Site "Chess.com INT"]
[Date "2025.03.04"]
[Round "10"]
[White "Daulet, Alikhan"]
[Black "Goltsev, Dmitry"]
[Result "1-0"]
[WhiteElo "2068"]
[BlackElo "2226"]
[PlyCount "107"]
[EventDate "2025.03.04"]
[EventType "swiss (blitz)"]
[EventRounds "11"]
[EventCountry "USA"]
[SourceTitle "CB11_2025"]
[SourceDate "2025.03.12"]
[SourceVersion "1"]
[SourceVersionDate "2025.03.12"]
[SourceQuality "1"]

1. d4 e6 2. c4 d5 3. Nc3 c5 4. cxd5 cxd4 5. Qxd4 Nc6 6. Qd1 exd5 7. Qxd5 Qc7 8. Nf3 Nf6 9. Qd1 Bc5 10. e3 0-0 11. Be2 a6 12. 0-0 Bg4 13. a3 Rad8 14. Qc2 Ba7 15. b4 Rfe8 16. Bb2 Bb8 17. g3 Ba7 18. Rad1 Rc8 19. Ng5 Nd4 20. Rxd4 Bxe2 21. Rf4 h6 22. Rxf6 hxg5 23. Qxe2 gxf6 24. Nd5 Qc2 25. Nxf6+ Kf8 26. Nh7+ Qxh7 27. Qg4 Qg6 28. Qh3 f6 29. Rd1 Red8 30. Rxd8+ Rxd8 31. Qe6 Qb1+ 32. Kg2 Qxb2 33. h4 Qe5 34. Qg4 Qd5+ 35. Kh2 Qd2 36. Qf5 Qd6 37. hxg5 Ke7 38. Qh7+ Ke8 39. Qxb7 Rd7 40. Qa8+ Kf7 41. Qf3 Qe5 42. Qh5+ Ke7 43. Qh7+ Kd6 44. Qd3+ Qd5 45. Qxa6+ Ke5 46. Qxf6+ Ke4 47. g6 Kd3 48. g7 Rd8 49. Qg6+ Ke2 50. Qa6+ Ke1 51. Qxa7 Qh5+ 52. Kg2 Qd5+ 53. Kh2 Kxf2 54. e4+ 1-0

[Event "Titled Tuesday intern op 04th Mar Early"]
[Site "Chess.com INT"]
[Date "2025.03.04"]
[Round "1"]
[White "Goltsev, Dmitry"]
[Black "Garifulin, Yury"]
[Result "1-0"]
[WhiteElo "2226"]
[BlackElo "2225"]
[PlyCount "87"]
[EventDate "2025.03.04"]
[EventType "swiss (blitz)"]
[EventRounds "11"]
[EventCountry "USA"]
[SourceTitle "CB11_2025"]
[SourceDate "2025.03.12"]
[SourceVersion "1"]
[SourceVersionDate "2025.03.12"]
[SourceQuality "1"]

1. e4 g6 2. h4 Bg7 3. h5 d5 4. exd5 Qxd5 5. d3 Nc6 6. h6 Bf6 7. Nc3 Qe5+ 8. Be2 Bg4 9. Be3 Bxe2 10. Ngxe2 0-0-0 11. Qd2 e6 12. 0-0-0 Nge7 13. a3 Nf5 14. Bf4 Qa5 15. Ne4 Qxd2+ 16. Rxd2 Be7 17. Ng5 e5 18. Nxf7 exf4 19. Nxh8 Rxh8 20. Nxf4 Bg5 21. g3 Bxh6 22. c3 Bxf4 23. gxf4 h5 24. Re2 h4 25. Rh3 Nce7 26. Kd2 Nd5 27. Re4 Nf6 28. Re6 Nd5 29. Re4 Kd7 30. Ke2 Re8 31. Kf3 Nf6 32. Re5 Kd6 33. d4 Re6 34. Rh1 Nd7 35. Ra5 a6 36. Rg1 Nb6 37. Re5 Rf6 38. Kg4 Nc4 39. Kg5 Rf8 40. Re2 Rh8 41. Rh1 Ne7 42. Rhe1 h3 43. Re6+ Kd5 44. Rxe7 1-0